Joueurs passés par l'ASSE - Mort subite - Statistiques

Statistiques générales
  • Ce quiz a été pris 1 089 fois
  • Le résultat moyen est 12 sur 16
Answers on the Grid
Answers color-coded by a green-red scale on the quiz's grid according to % correct below.
Laurent Blanc
Tanguy Coulibaly
Michel Platini
Yann Bodiger
Steve Mandanda
Eric Cantona
Pierre-Emerick Aubameyang
Blaise Matuidi
Gérard Houllier
Robert Herbin
Didier Drogba
Stéphane Ruffier
Anthony Briançon
Mamadou Niang
Bafétimbi Gomis
Ousmane Dembélé
André-Frank Zambo
William Saliba
Wesley Fofana
Lucas Digne
Franck Honorat
Adama Traoré
Jacques Faty
Dimitri Payet
Denis Bouanga
Lucas Mocio
Fabien Lemoine
Franck Ribéry
Gérard Houllier
Aimé Jacquet
Boubacar Fall
Franck Ribéry
 
Statistiques - réponses
Réponse % Correct
Michel Platini
87%
Pierre-Emerick Aubameyang
86%
Stéphane Ruffier
85%
Blaise Matuidi
82%
Bafétimbi Gomis
78%
William Saliba
77%
Dimitri Payet
76%
Denis Bouanga
75%
Wesley Fofana
75%
Anthony Briançon
71%
Fabien Lemoine
68%
Robert Herbin
67%
Franck Honorat
60%
Boubacar Fall
59%
Laurent Blanc
59%
Aimé Jacquet
56%
Aucun quiz correspondant
Distribution des résultats
% des personnes avec chaque résultat
Percentile par nombre de réponses
Votre historique - résultats
Vous n’avez pas pris ce quiz